Výrobná hala na asfaltové šindle Senica

Saved in:
Bibliographic Details
Main Author: Gallo, Martin, 1985- (Author)
Other Authors: Búciová, Mária, 1945- (Thesis advisor)
Format: Manuscript Book
Language:Slovak
Published: Bratislava : STU v Bratislave SvF, 2010
Subjects:
Online Access:VAIS
Tags: Add Tag
No Tags, Be the first to tag this record!

MARC

LEADER 00000ntm a22000003a 4500
001 stu217172
005 20160721135510.7
008 101123s2010----xo------------------slo-d
040 |a STU  |b slo 
041 0 |a slo 
044 |a xo 
100 1 |a Gallo, Martin,  |d 1985-  |4 aut  |X 10713  |7 A000010713 
242 0 0 |a Production hall for shingles Senica  |y eng 
245 1 |a Výrobná hala na asfaltové šindle Senica 
260 |a Bratislava :  |b STU v Bratislave SvF,  |c 2010 
650 7 |a technológia stavieb  |2 stusub 
650 7 |a Building Technology  |2 estusub 
650 7 |a zariadenie staveniska  |2 stusub 
700 1 |a Búciová, Mária,  |d 1945-  |4 ths  |u V270  |U SvF Stavebná fakulta  |T SvF Katedra technológie stavieb  |X 1005  |U V270  |Y 28  |7 A000001005 
856 4 |a info a plný text  |u http://is.stuba.sk/zp/portal_zp.pl?podrobnosti=76534  |3 VAIS